000 00354nam a2200145Ia 4500
008 150201s2009 xx 000 0 und d
082 _a612.3
_bN09A
100 _aANTHIKAD, JACOB
245 _aNUTRITION & BIOCHEMISTRY FOR NURSES
250 _a1ST
260 _bJAYPEE
_aDELHI
_c2009
300 _a532
650 _aNUTRITON & DIET
942 _2ddc
_cBK
_020
999 _c2401
_d2401